| 000 | 00429cam a2200169ua 4500 | ||
|---|---|---|---|
| 020 | _c2.50 | ||
| 041 |
_aeng _h |
||
| 082 |
_a294.5 _bRAD/HI |
||
| 100 | _aRadha kumud, Mugherji . | ||
| 245 |
_aHindu civilization, part I / _cRadha kumud Mugherji. _hTextual Documents |
||
| 260 |
_aMumbai : _bBharatiya Vidya Bhavan , _c1963. |
||
| 300 | _a175 ; . | ||
| 365 | _a2.50 | ||
| 504 | _a | ||
| 942 | _cBK | ||
| 999 |
_c1622 _d1622 |
||